| 000 | 00536nam a2200169 i 4500 | ||
|---|---|---|---|
| 001 | 52570 | ||
| 003 | ES-MaACL | ||
| 007 | t| | ||
| 008 | 030901s1978 sp ||||1| spa d | ||
| 100 | 1 |
_aCheng, Thomas C. _938340 |
|
| 245 | 1 | 0 |
_aParasitología general / _cThomas C. Cheng ; [traducción Luis M. Hernández Saint-Aubin ... [et al.]]. |
| 250 | _a[1ª ed.]. | ||
| 260 |
_aMadrid : _bAC, _c[1978] |
||
| 300 |
_aXXII, 965 p. : _bil. ; _c27 cm. |
||
| 700 | 1 |
_aHernández Saint-Aubin, Luis M. _963048 |
|
| 852 |
_aES-MaACL _jL-3263 _bR.104197 |
||
| 999 |
_c52570 _d52570 |
||